Statistics for Largest U.S. Cities Beginning with a Vowel

Click here to take the quiz!

General Stats

  • This quiz has been taken 177 times
  • The average score is 14 of 20

Answer Stats

PopulationHintCity% Correct
950,715TXAustin
97%
486,290GAAtlanta
95%
863,002INIndianapolis
93%
558,545NMAlbuquerque
90%
643,648OKOklahoma City
88%
280,257FLOrlando
87%
466,893NEOmaha
81%
683,577TXEl Paso
80%
197,846OHAkron
74%
200,965ILAurora
71%
366,623COAurora
71%
294,356AKAnchorage
70%
352,497CAAnaheim
69%
425,195CAOakland
69%
197,166GAAugusta
62%
199,826TXAmarillo
61%
277,453CAIrvine
52%
396,394TXArlington
50%
240,373TXIrving
43%
210,037CAOxnard
27%

Score Distribution

Percentile by Number Answered

Percent of People with Each Score

Your Score History

You have not taken this quiz